1616 1436 1334 1548 1031 1364 1564 1855 1773 1499 1906 1618 1257 1254 1568 1862 1689 1230 1874 1409 1451 1549 1346 1232 1488 1331 1504 1200 1670 1070 1266 1421 1229 1979 1429 1006 1160 1895 1960 1627 1859 1841 1907 1124 1496 1813 1125 1718 1885 1457 1083 1193 1020 1751 1215 1427 1336 1436 1309 1819 1754 1567 1865 1234 1981 1061 1156 1308 1342 1156 1437 1631 1851 1014 1628 1965 1464 1261 1817 1077 1188 1862 1394 1521 1228 1294 1260 1437 1994 1271 1284 1002 1768 1077 1761 1383 1294 1293 1414 BCNSPRNW ULIB Ver.6.0+V

เปลี่ยนเป็นภาษาไทย

Change to English
 แสดงรายละเอียดบรรณานุกรม
  กลับหน้าหลัก

Brief Record : Get Marc (ISO 2709) : E-mail record : QR code < ปิดหน้าต่าง
LEADER : 00000nam 2200000uu 4500
001    13399127961
003     ULIB
008    211117s2563||||th 000 0 tha d
020 ^- ^a9786163660763
050 ^- ^aนว.^bด265จ
100 0^ ^aดวงตะวัน.
245 10 ^aเจ้าหญิงเมลีญา /^cดวงตะวัน.
250 ^- ^aพิมพ์ครั้งที่ 1.
260 ^- ^aนนทบุรี :^bดวงตะวัน,^c2563
300 ^- ^a437 หน้า.
945    ^p350^l0^i008551
999    ^aประนอม เกษจรัล
รายการนี้ยังไม่มีแท็ก
คุณยังไม่ได้ล็อกอิน คุณสามารถมีกิจกรรมร่วมกับเว็บไซต์ได้ แต่ต้องล็อกอินก่อน ::
  ล็อกอิน

รายการสื่อสารสนเทศ

ลำดับที่ ประเภท เลขเรียก/บาร์โค้ด สถานที่ สถานะ
1. นวนิยาย
นวนิยาย
นว. ด265จ ฉ.1 
  Barcode: 008551
ห้องสมุดวิทยาเขตสวรรค์ประชารักษ์
►นวนิยาย
บนชั้น
  ขอยืม

รายการใกล้เคียง
    ผู้แต่ง [ดวงตะวัน.]

BibComment


ยังไม่เคยถูกคอมเมนท์

คอมเมนท์ทรัพยากรรายการนี้
  คอมเมนท์: เจ้าหญิงเมลีญา ..


 Copyright 2026. Bcnsprnw @Library